| 000 | 00690nam a2200217Ia 4500 | ||
|---|---|---|---|
| 003 | GCL | ||
| 008 | 140319s9999 xx 000 0 ara d | ||
| 040 |
_aGCL / _cGCL |
||
| 082 | 0 | 4 |
_a625.1 _bح ه |
| 100 | 1 | _aحسن محمد حميدة | |
| 245 | 1 | 0 |
_aهندسة السكك الحديدية / _cحسن محمد حميدة |
| 700 | 1 | _aمحمود توفيق سالم | |
| 260 |
_aبيروت : _bدار الراتب الجامعية ، _c1986 |
||
| 300 |
_a323 ص ؛ _c24 سم |
||
| 490 | _a | ||
| 650 | 0 | 4 | _aالهندسة المدنية |
| 650 | 0 | 4 | _aالسكك الحديدية |
| 650 | 0 | 4 | _aهندسة السكك الحديدية |
| 650 | 0 | 4 | _aالقاطرات |
| 942 |
_2ddc _cBK |
||
| 999 |
_c52613 _d52613 |
||